DID地区を持つ町村 - Statistics

General Stats
  • This quiz has been taken 28 times
  • The average score is 91 of 142
Answer Stats
都道府県 町村 % Correct
東京都 瑞穂町
90%
神奈川県 葉山町
90%
香川県 宇多津町
90%
香川県 多度津町
90%
沖縄県 読谷村
90%
神奈川県 寒川町
85%
神奈川県 二宮町
85%
神奈川県 開成町
85%
神奈川県 湯河原町
85%
静岡県 長泉町
85%
大阪府 田尻町
85%
大阪府 太子町
85%
広島県 府中町
85%
広島県 海田町
85%
愛媛県 松前町
85%
沖縄県 中城村
85%
北海道 音更町
80%
神奈川県 大井町
80%
神奈川県 松田町
80%
静岡県 函南町
80%
三重県 川越町
80%
大阪府 忠岡町
80%
奈良県 王寺町
80%
広島県 坂町
80%
茨城県 阿見町
75%
埼玉県 嵐山町
75%
千葉県 酒々井町
75%
神奈川県 大磯町
75%
石川県 内灘町
75%
福井県 永平寺町
75%
静岡県 清水町
75%
愛知県 豊山町
75%
京都府 精華町
75%
大阪府 島本町
75%
兵庫県 播磨町
75%
奈良県 斑鳩町
75%
徳島県 藍住町
75%
福岡県 篠栗町
75%
福岡県 志免町
75%
長崎県 長与町
75%
沖縄県 嘉手納町
75%
沖縄県 北谷町
75%
沖縄県 南風原町
75%
北海道 八雲町
70%
岩手県 矢巾町
70%
茨城県 東海村
70%
群馬県 大泉町
70%
神奈川県 愛川町
70%
愛知県 大口町
70%
愛知県 東浦町
70%
三重県 東員町
70%
大阪府 豊能町
70%
奈良県 三郷町
70%
奈良県 田原本町
70%
岡山県 早島町
70%
熊本県 菊陽町
70%
沖縄県 八重瀬町
70%
北海道 倶知安町
65%
北海道 余市町
65%
北海道 遠軽町
65%
北海道 中標津町
65%
宮城県 大河原町
65%
宮城県 亘理町
65%
宮城県 松島町
65%
茨城県 大洗町
65%
栃木県 野木町
65%
埼玉県 三芳町
65%
埼玉県 小川町
65%
岐阜県 岐南町
65%
岐阜県 笠松町
65%
愛知県 東郷町
65%
愛知県 幸田町
65%
福岡県 新宮町
65%
福岡県 粕屋町
65%
長崎県 時津町
65%
宮城県 利府町
60%
宮城県 大和町
60%
栃木県 壬生町
60%
栃木県 高根沢町
60%
埼玉県 宮代町
60%
埼玉県 杉戸町
60%
埼玉県 松伏町
60%
石川県 津幡町
60%
岐阜県 北方町
60%
静岡県 吉田町
60%
愛知県 扶桑町
60%
愛知県 蟹江町
60%
愛知県 武豊町
60%
三重県 菰野町
60%
京都府 大山崎町
60%
京都府 久御山町
60%
大阪府 熊取町
60%
大阪府 河南町
60%
福岡県 宇美町
60%
福岡県 須恵町
60%
熊本県 益城町
60%
沖縄県 西原町
60%
沖縄県 与那原町
60%
北海道 当別町
55%
北海道 栗山町
55%
北海道 芽室町
55%
北海道 釧路町
55%
宮城県 柴田町
55%
宮城県 七ヶ浜町
55%
埼玉県 滑川町
55%
岐阜県 神戸町
55%
愛知県 大治町
55%
愛知県 阿久比町
55%
兵庫県 猪名川町
55%
愛媛県 砥部町
55%
福岡県 芦屋町
55%
熊本県 大津町
55%
宮崎県 高鍋町
55%
北海道 七飯町
50%
北海道 新ひだか町
50%
茨城県 利根町
50%
埼玉県 伊奈町
50%
千葉県 栄町
50%
長野県 下諏訪町
50%
岐阜県 垂井町
50%
兵庫県 稲美町
50%
奈良県 上牧町
50%
奈良県 広陵町
50%
徳島県 北島町
50%
福岡県 苅田町
50%
佐賀県 基山町
50%
北海道 岩内町
45%
北海道 上富良野町
45%
山形県 河北町
45%
茨城県 境町
45%
埼玉県 鳩山町
45%
埼玉県 上里町
45%
奈良県 河合町
45%
福岡県 水巻町
45%
北海道 美幌町
40%
群馬県 玉村町
40%
和歌山県 湯浅町
40%
福岡県 岡垣町
40%
北海道 幕別町
35%
山形県 山辺町
35%
埼玉県 毛呂山町
30%
宮崎県 門川町
30%
No matching quizzes found
Score Distribution
Percent of People with Each Score
Percentile by Number Answered
Your Score History
You have not taken this quiz